000 00530cam a22001694a 4500
020 _a0415280001 (hardback : alk. paper)
020 _a041528001X (softback : alk. paper)
082 0 0 _a624.151
_bPIT
_cD
100 1 _aPiteau, D.R.
_942546
110 _aD.R. Piteau and Associates Limited
_942547
245 1 0 _aRock slope engineering :
_cD.R. Pieau
260 _aNew York :
_bD.R. Piteau and Associates Limited;
_c1976.
300 _bPart A
526 _a0
_b0
_c0
_d624_151000000000000_PIT
650 0 _aMCE
_9379
942 _2ddc
_cBK
999 _c546554
_d546554